Субъекты РФ - Statistics

General Stats
  • This quiz has been taken 1 632 times
  • The average score is 28 of 89
Answer Stats
Hint Answer % Correct
24 Москва
74%
26 Санкт-Петербург
61%
48 Московская
59%
1 Крым
57%
45 Ленинградская
57%
7 Дагестан
55%
12 Якутия (Саха)
55%
14 Татарстан
55%
78 Краснодарский
55%
2 Чечня
53%
75 Красноярский
45%
23 Ямало-Ненецкий
41%
83 Алтай
41%
6 Адыгея
40%
9 Башкортостан
40%
87 Карелия
40%
25 Севастополь
39%
58 Ростовская
38%
53 Омская
36%
28 Архангельская
35%
30 Белгородская
35%
3 Ингушетия
34%
4 ДНР
34%
5 ЛНР
34%
8 Бурятия
34%
33 Волгоградская
34%
35 Воронежская
34%
61 Свердловская
34%
76 Приморский
33%
18 Еврейская
32%
38 Калининградская
32%
51 Новгородская
32%
52 Новосибирская
32%
29 Астраханская
31%
44 Курская
31%
73 Хабаровский
31%
77 Пермский
31%
79 Камчатский
31%
37 Иркутская
30%
60 Самарская
30%
81 Коми
30%
50 Нижегородская
29%
66 Тульская
29%
22 Чукотский
28%
70 Челябинская
28%
19 Ненецкий
27%
31 Брянская
27%
34 Вологодская
27%
57 Псковская
27%
65 Томская
27%
20 Ханты-Мансийский
26%
21 Чувашия
26%
32 Владимирская
26%
47 Магаданская
26%
54 Оренбургская
26%
64 Тверская
26%
89 Саратовская
26%
10 Марий Эл
25%
15 Тыва
25%
16 Удмуртия
25%
62 Смоленская
25%
69 Херсонская
25%
80 Забайкальский
25%
11 Мордовия
24%
40 Кемеровская
24%
46 Липецкая
24%
55 Орловская
24%
67 Тюменская
24%
86 Калмыкия
24%
36 Ивановская
23%
59 Рязанская
23%
71 Ярославская
23%
72 Запорожская
23%
74 Ставропольский
23%
27 Амурская
22%
82 Алтайский
22%
88 Сахалинская
22%
13 Северная Осетия-Алания
20%
39 Калужская
20%
41 Кировская
20%
56 Пензенская
20%
63 Тамбовская
20%
17 Хакасия
19%
43 Курганская
19%
42 Костромская
18%
68 Ульяновская
17%
84 Кабардино-Балкарская республика
15%
85 Карачаево-Черкесская республика
14%
49 Мурмунская
3%
No matching quizzes found
Score Distribution
Percent of People with Each Score
Percentile by Number Answered
Your Score History
You have not taken this quiz